Statistics for The Beatles No1s in the UK...

Click here to take the quiz!

General Stats

  • This quiz has been taken 24 times
  • The average score is 8 of 17

Answer Stats

Answer % Correct
11Yellow Submarine
95%
15Hey Jude
77%
2She Loves You
73%
8Help
73%
5A Hard Days Night
68%
10Paperback Writer
59%
7Ticket to Ride
50%
16Get Back
41%
14Lady Madonna
41%
12All You Need is Love
36%
9Daytripper
36%
3I Want to Hold your Hand
36%
1From Me to You
32%
6I Feel Fine
32%
17THE BALLAD OF JOHN AND YOKO
27%
13Hello Goodbye
23%
4Can't Buy Me Love
23%

Score Distribution

Percentile by Number Answered

Percent of People with Each Score

Your Score History

You have not taken this quiz